Quizzes
Events
Quiz Creation
Community
Videos
Private Events
Remove Ads
Sign In
Join for FREE
Feedback
Dark Mode
Quiz Categories
Sports
Geography
Music
Movies
Television
Just For Fun
Miscellaneous
History
Literature
Language
Science
Gaming
Entertainment
Religion
Holiday
For Kids
Quiz Lab
Recent
Popular Today
Quiz Kudos Today
Editor Picks
Curator Picks
Quizzes by...
Day
Popularity
Type
Ratings
Length
Year
Community
Subscriptions
Recent Discussions
Orange Saloon
Badges
Playlists
Quests
Create
Leaderboards
Showdown
Live 5
Trivia Bingo
Activity
Puzzle Library
Sporcle Events
Private Events
Virtual Trivia
Globe League
Become a Host
Pub Owners
SporcleCon
Opinionation
Our Games
Videos
Blog
Mobile Apps
Partnerships
Remove Ads and Go Orange
Feedback
Sports
Athletes
MLB
NBA
NHL
NFL
Soccer
Sports Teams
WWE
NCAA
Football
Premier League
Basketball
Baseball
Hockey
Golf
Tennis
Cricket
Rugby
Auto Racing
Olympics
World Cup
Sports
Athletes
MLB
NBA
NHL
NFL
Soccer
Sports Teams
WWE
NCAA
Football
Premier League
Basketball
Baseball
Hockey
Golf
Tennis
Cricket
Rugby
Auto Racing
Olympics
World Cup
Random Quiz
Search Sporcle
×
Quiz Lab
Quiz Lab
Sports
Basketball
Type in answers that appear in a list
Type in answers that appear in a list
Classic
Best Score? Go Orange.
NBA 76ers leading scorers Stats
Can you name the Can you name the 76ers all time leading scorers?
By
mckeon12
15m
40 Questions
318 Plays
318 Plays
318 Plays
Comments
Comments
Give Quiz Kudos
Give Quiz Kudos
-
- Ratings
hide this ad
Replay
Link that replays current quiz
Next Quiz
Link to next quiz in quiz playlist
You Got
0%
They Got
Avg Score
37%
Avg Friend Score
Upgrade to see
Score Distribution
Jump to the score distribution portion of the page
Score
0/40
Timer
15:00
0
Plays Today
Total Points
% Correct
1996-
07 2009-
present
Allen Iverson
99.7%
1976-
87
Julius Erving
89.9%
1982-
86 1993-
94
Moses malone
79.9%
1964-
68
Wilt Chamberlain
78%
1984-
92
Charles Barkley
77%
2004-
present
Andre Iguodala
75.8%
1978-
89
Mo cheeks
65.1%
1958-
73
Hal Greer
57.5%
1997-
04
Eric Snow
55.7%
2001-
present
Samuel Dalembert
54.7%
1965-
72 1974-
76
Billy Cunningham
52.5%
1978-
86
Bobby Jones
51.9%
1965-
71
Wali Jones
51.6%
1977-
82
Caldwell jones
51.6%
1997-
05
Aaron McKie
46.2%
1949-
64
Dolph Schayes
44.7%
1980-
88
Andrew Toney
41.8%
2006-
09
Andre Miller
38.4%
1995-
98
Jerry Stackhouse
37.7%
1988-
93
Hersey Hawkins
35.5%
Total Points
% Correct
2003-
present
Willie Green
33.3%
1995-
98 2001-
04
Derrick Coleman
30.8%
1973-
81
Doug Collins
28.6%
2003-
08
Kyle Korver
27.7%
1992-
98
Clarence Weatherspoon
26.7%
1962-
69
Chet Walker
26.1%
1965-
72
Luke Jackson
26.1%
1975-
78
George Mcginnis
21.1%
1971-
77
Fred Carter
17.9%
1974-
82
Steve Mix
17.9%
1988-
93
Ron Anderson
17%
1954-
65
John Kerr
12.6%
1957-
68
Larry Costello
10.7%
1968-
71
Archie clark
9.4%
1951-
56
George King
8.5%
1949-
60
Paul Seymour
6.3%
1960-
67
Dave Gambee
3.1%
1952-
58
Earl lloyd
3.1%
1956-
66
Al Bianchi
1.9%
1987-
91
Mike gminksi
0.9%
Quiz Playlist
Details
Report
Send in Message
Add To Playlist
Classic:
Type in answers that appear in a list
Last Updated: Feb 16, 2017
Quiz Scoreboard
CHALLENGE
Sign Up to Join the Scoreboard
Show All
Scores
Hide
Comments
May contain spoilers
Recently Published
Movies - When Are They Set?
by FPL_Elf
Movies
5m
Popular People in 1961
by mucciniale
History
6m
1-10 Letter E Words III
by El_Dandy
Language
2m
More to Explore
Quiz From the Vault
Featured Blog Post
Where Did the Easter Bunny Come From?
hide this ad
You Might Also Like...
Tags
Basketball Quiz
NBA Quiz
Leading
point
Scorer
total
Today's Top Quizzes in Sports
Browse Sports
hide this ad
Today's Top Quizzes in Basketball
Browse Basketball
Top Contributed Quizzes in Sports
1
Les meilleurs buteurs des matchs entre le PSG et l’OM
2
FIFA Club World Cup Champions
3
Les entraîneurs de l'OM et du PSG au 21e siècle
4
2022 World Cup Stars
5
Name the Premier League winners with different clubs
6
La finale Lions - Afrique du Sud 2021
7
Criteria MLB: Left Handed Sluggers
8
Les joueurs passés par le LOSC et le RC Lens
9
Players with Multiple 50 Home Run Seasons
10
MLB Players with Two .350 Batting Average Seasons
Explore More
Trending Topics
Harry Potter
Kpop
Disney
Marvel
Crossword
Anime
NBA
NFL
Soccer
Puzzle
WWE
The Office
Pokémon
Song
Country
hide this ad
More By:
mckeon12
Quiz
Plays
Rating
Category
Featured
Created
NFL 49ers Quarterbacks Since Joe Montana
4,874
3.75
Sports
Dec 19, 2009
NBA Most Popular Jerseys Past 10 Years
2,199
3.57
Sports
Dec 19, 2009
NFL Longest Rush Leaders
1,570
3.62
Sports
Jan 10, 2010
New York Yankees Home Run Leaders
1,565
3.90
Sports
Feb 8, 2010
76ers Starting Lineups 1989-90-2010-11
1,537
4.33
Sports
Dec 5, 2010
Go to Creator's Profile
Score Distribution
Quiz Creator Spotlight
mckeon12
Follow
Send a Message
Quizzes Created
-
Created Quiz Play Count
-
More By This Creator
Popular Quizzes Today
1
Find the Countries of Europe - No Outlines Minefield
2
Find the US States - No Outlines Minefield
3
The Countries of the World
4
Popular People in 1961
5
1-10 Letter E Words III
6
US States
7
Find the US States
8
One Thing in Common: World Cities II
More Sports Quizzes
La Liga XI: Real Madrid 2007/08
Quiz Lab
Trending Quizzes
Risky Map Clicking: Least Populous States A-Z
1-10 Letter F Words
Humor Books: The Subtitles
1-10 Letter G Words
One Thing in Common: United Kingdom
Recently Updated
Leaping Animals
pecheneg
Reality TV Shows (A-Z)
bhenderson79
Rickey Henderson's Hall of Fame Teammates
pecheneg
Champions League XIs: Arsenal
pecheneg
Quick Pick: Celebrities in WWE's Hall of Fame
aduchscher
A-Z Keypad Blitz II
pecheneg
Multiple Oscar Actors
pecheneg
Mystery Phrase Blitz: Oscar 'Best Actors'
pecheneg
F. Scott Fitzgerald Novels
LTH
Pick 3 Villains
ddd62291
Trending Topics
Disney
Anime
Marvel
Kpop
NBA
Harry Potter
Crossword
The Office
WWE
Country
NFL
Song
Soccer
Puzzle
Pokémon
Your Account Isn't Verified!
In order to create a playlist on Sporcle, you need to verify the email address you used during registration. Go to your
Sporcle Settings
to finish the process.
Report this User
Report this user for behavior that violates our
Community Guidelines
.
Details:
Send Report
Go to the Sporcle.com Mobile Site →
Comments